Statystyki dla Quiz o Algierii

Kliknij tutaj aby rozwiązać quiz!

Ogólne statystyki

  • Ten quiz został rozwiązany 4 razy
  • Średni wynik to 17 z 20

Statystyki odpowiedzi

WskazówkaOdpowiedź% Poprawnych
Stolica i największe miastoAlgier
100%
Języki urzędoweArabski
100%
Pasmo górskie przebiegające przez
północne terytorium Algierii
Atlas
100%
Algeria jest największym krajem
w Afryce. Który jest drugi?
D. R. Konga
100%
Europejski kraj, od którego Algieria
odzyskała niepodległość w 1962 r.
Francja
100%
Państwo granicząceLibia
100%
Państwo granicząceMali
100%
Państwo granicząceMaroko
100%
Państwo granicząceMauretania
100%
Państwo granicząceNiger
100%
Pustynia, która pokrywa większość
terytorium kraju
Sahara
100%
Państwo granicząceTunezja
100%
Seria wojen, które zakończyły się
zniszczeniem Kartaginy
i ustanowieniem rządów rzymskich
Wojny punickie
100%
Procent Algierczyków, którzy wyznają
islam w zaokrągleniu do całości
99%
75%
Języki urzędoweBerberyjski
75%
Region północnoafrykański, którego
Algieria jest częścią
(zaczyna się na M)
Maghreb
75%
Drugie największe miasto
(podpowiedź: 4 litery)
Oran
75%
Najważniejszy eksportowany towarRopa naftowa
75%
Waluta AlgieriiDinar
25%
Dwuliterowy kod państwaDZ
0%

Rozkład punktacji

Percentyl według liczby udzielonych odpowiedzi

Procent ludzi z każdym wynikiem

Twoja historia wyników

Nie rozwiązałeś tego quizu